00601cam a2200205u 45000010005000000030008000050050017000130080039000300350018000690400028000870410008001150820018001231000026001412450068001672600045002353000032002805040020003126500015003327000048003479697BD-RjUL20211208234824.0140121r19571953enka 001 0 eng a(BD-RjUL)9742 aDLCcCarPdBD-RjULbeng aeng00a540bGAT 19571 aGarside, James Eric. 12aA textbook of pure and applied chemistry /cJames Eric Garside. aLondon :bPitman,c1953 [Repinted 1957]. a1044 p. :billus. ;c20 cm. aIncludes index. 0aChemistry.1 aPhillips, Reginald Francis, ejoint author.